00718cam a22002411a 450000100060000000300080000600500170001400800410003103500190007203500190009104000390011004100080014906000210015708200180017810000330019624500570022925000120028626000530029830000300035150000590038150400180044065000180045812191BD-RjUL20211208235242.0140128s1957 nyua 001 0 eng d a(BD-RjUL)12240 a(OCoLC)8133566 aDLCcDNLMdFMdDLCd(BD-RjUL)beng aeng aGN 24 M758m 1957 a572bMOM 19571 aMontagu, Ashley,d1905-1999.10aMan :cby Ashley Montagu.bHis first million years / a1st ed. aCleveland ;aNew York :bWorld Pub. Co.,cc1957. a249 p. :billus. ;c21cm. aLater ed. has title: Man: his first two million years. aInclude index 0aAnthropology.